000 00754nam a2200241Ia 4500
003 IT-RoPAU
008 120407s9999 xx 000 0 und d
040 _aIT-RoPAU
040 _cIT-RoPAU
041 _aita
100 _aWilli Marxsen
245 _aLa resurrezione di Gesù di Nazareth.
250 _aBologna
260 _aED
260 _c1970
300 _a246 p.
300 _c22 cm
490 _aEpifania della Parola
490 _v16
600 _a"Tit. orig.: Die Auferstehung Jesu von Nazareth. Trad. B. Liverani. Ed. italiana a cura di C. Benincasa. In testa al front.: Willi Marxen. 1 - Resurrezione I - Liverani, Bruno II - Benincasa, Carmine. 232.5 BNI 71-1295"
942 _cBK
999 _c30223
_d30223